000 00535nam a22001937a 4500
003 KOHA_MİRAKIL
005 20251128150402.0
008 251128b tu ||||| |||| 00| 0 tur d
020 _a9786054823253
040 _aTR-AnABB
_btur
_cTR-AnABB
041 _atur
082 _a342.561
_bGOZ 2012
100 1 _aGözübüyük, A. Şeref,
245 1 0 _aİdare Hukuku /
_cA. Şeref Gözübüyük
260 _aAnkara :
_bTurhan Kitabevi,
_c2012
300 _a1135 sayfa ;
_c21 cm
650 0 4 _aİdare Hukuku
942 _2ddc
_cBK
999 _c9666
_d9666
900 _bGizem YORULMAZ